<?xml version="1.0" encoding="UTF-8"?><?xml-stylesheet type="text/xsl" href="static/style.xsl"?><OAI-PMH xmlns="http://www.openarchives.org/OAI/2.0/" xmlns:xsi="http://www.w3.org/2001/XMLSchema-instance" xsi:schemaLocation="http://www.openarchives.org/OAI/2.0/ http://www.openarchives.org/OAI/2.0/OAI-PMH.xsd"><responseDate>2026-04-13T06:58:10Z</responseDate><request verb="GetRecord" identifier="oai:www.recercat.cat:2117/329375" metadataPrefix="marc">https://recercat.cat/oai/request</request><GetRecord><record><header><identifier>oai:recercat.cat:2117/329375</identifier><datestamp>2025-07-23T01:00:14Z</datestamp><setSpec>com_2072_1033</setSpec><setSpec>col_2072_452951</setSpec></header><metadata><record xmlns="http://www.loc.gov/MARC21/slim" xmlns:dcterms="http://purl.org/dc/terms/" xmlns:xsi="http://www.w3.org/2001/XMLSchema-instance" xmlns:doc="http://www.lyncode.com/xoai" xsi:schemaLocation="http://www.loc.gov/MARC21/slim http://www.loc.gov/standards/marcxml/schema/MARC21slim.xsd">
   <leader>00925njm 22002777a 4500</leader>
   <datafield ind2=" " ind1=" " tag="042">
      <subfield code="a">dc</subfield>
   </datafield>
   <datafield ind2=" " ind1=" " tag="720">
      <subfield code="a">Marhnouj Bakacem, Mariam</subfield>
      <subfield code="e">author</subfield>
   </datafield>
   <datafield ind2=" " ind1=" " tag="260">
      <subfield code="c">2018-01-15</subfield>
   </datafield>
   <datafield ind2=" " ind1=" " tag="520">
      <subfield code="a">No hi cap dubte de les tècniques d’imatge del segment anterior de l’ull constitueixen una eina fonamental pel diagnòstic i avaluació de les possibles anomalies que puguin existir.La tomografia de coherència òptica (OCT, sigles en anglès)és actualment una tècnica molt valiosa per analitzar les estructures oculars, tant del pol posterior com de l’anterior, gràcies a la seva gran utilitat clínica per a la detecció, diagnòstic i seguiment de moltes patologies oculars, que a simple vista ens passarien per alto que amb altres tècniques d’exploració no són visualitzables.L’objectiu d’aquest treball és doncs, d’una primera part la qual serà sobre la tècnica de l’OCT. Una segona part descriptiva de quines condicions oculars que afecten el pol anterior solen ser avaluades amb l’OCT i la informació que aquesta tècnica aporta.També consta d’una part pràctica en la quees presenten cinc casos clínics de pacients reals diferents per tal de haver-hi variació en la recopilació de casos i alhora és pot veure l’aplicació clínica d’aquesta tècnica en diferents diagnòstics. De cada cas, es detalla l’anamnesi completa del pacient, l’examen optomètric, diagnòstic i tractament.Un cop acabat el cas, es realitza una conclusió valorant els resultats obtinguts i la decisió que s’ha pres en el cas clínic.Finalment, hi ha una conclusió general del treball</subfield>
   </datafield>
   <datafield tag="653" ind2=" " ind1=" ">
      <subfield code="a">Àrees temàtiques de la UPC::Ciències de la visió::Biologia ocular</subfield>
   </datafield>
   <datafield tag="653" ind2=" " ind1=" ">
      <subfield code="a">Àrees temàtiques de la UPC::Ciències de la visió::Instruments òptics i optomètrics</subfield>
   </datafield>
   <datafield tag="653" ind2=" " ind1=" ">
      <subfield code="a">Eye diseases</subfield>
   </datafield>
   <datafield tag="653" ind2=" " ind1=" ">
      <subfield code="a">Diagnostic imaging</subfield>
   </datafield>
   <datafield tag="653" ind2=" " ind1=" ">
      <subfield code="a">Optical tomography</subfield>
   </datafield>
   <datafield tag="653" ind2=" " ind1=" ">
      <subfield code="a">Optical coherence tomography</subfield>
   </datafield>
   <datafield tag="653" ind2=" " ind1=" ">
      <subfield code="a">Tomografia òptica</subfield>
   </datafield>
   <datafield tag="653" ind2=" " ind1=" ">
      <subfield code="a">Ulls -- Malalties</subfield>
   </datafield>
   <datafield tag="653" ind2=" " ind1=" ">
      <subfield code="a">Imatgeria per al diagnòstic</subfield>
   </datafield>
   <datafield ind2="0" ind1="0" tag="245">
      <subfield code="a">Ús clínic de l’OCT (Optical Coherence Tomoghraphy) en la valoració del segment anterior</subfield>
   </datafield>
</record></metadata></record></GetRecord></OAI-PMH>